<?xml version="1.0" encoding="UTF-8"?>
<record
    xmlns:xsi="http://www.w3.org/2001/XMLSchema-instance"
    xsi:schemaLocation="http://www.loc.gov/MARC21/slim http://www.loc.gov/standards/marcxml/schema/MARC21slim.xsd"
    xmlns="http://www.loc.gov/MARC21/slim">

  <leader>01411nam a22002417a 4500</leader>
  <controlfield tag="003">OSt</controlfield>
  <controlfield tag="005">20250224114610.0</controlfield>
  <controlfield tag="008">250224s2001    |||||||| |||| 00| 1 spa d</controlfield>
  <datafield tag="020" ind1=" " ind2=" ">
    <subfield code="a">9505116187</subfield>
  </datafield>
  <datafield tag="040" ind1=" " ind2=" ">
    <subfield code="c">besoc</subfield>
  </datafield>
  <datafield tag="245" ind1="0" ind2="0">
    <subfield code="a">Escritos de futuro </subfield>
  </datafield>
  <datafield tag="260" ind1=" " ind2=" ">
    <subfield code="a">Buenos Aires :</subfield>
    <subfield code="b">Alfaguara,</subfield>
    <subfield code="c">2001</subfield>
  </datafield>
  <datafield tag="300" ind1=" " ind2=" ">
    <subfield code="a">109 p.</subfield>
  </datafield>
  <datafield tag="490" ind1="0" ind2=" ">
    <subfield code="a">Alfaguara juvenil</subfield>
  </datafield>
  <datafield tag="520" ind1=" " ind2=" ">
    <subfield code="a">Este libro tiene muchos autores, pero no est&#xE1; completo. Cada uno de los lectores tendr&#xE1; la posibilidad de completarlo, de reconstruir sus fragmentos, de responder a sus preguntas, de sugerir otras, de escribirlo y garabatearlo, de ejercer la libertad y el derecho de tomarlo como propio. Por eso, las formas abiertas, los puntos suspensivos, los silencios, las sensaciones inconexas e intransferibles. En esos espacios est&#xE1; el lugar del lector, protagonista principal de estas p&#xE1;ginas.
Todos los textos del libro tienen un tema en com&#xFA;n: el futuro. Avances de la tecnolog&#xED;a. Explicaciones filos&#xF3;ficas. Intentos por entender de que vendr&#xE1; con el devenir de la historia. [Nota del editor]</subfield>
  </datafield>
  <datafield tag="650" ind1=" " ind2="4">
    <subfield code="a">Literatura universal</subfield>
    <subfield code="v">Cuentos</subfield>
    <subfield code="x">Cine</subfield>
    <subfield code="v">Fragmentos</subfield>
  </datafield>
  <datafield tag="700" ind1="1" ind2=" ">
    <subfield code="a">Wells, H. G. (Herbert George), </subfield>
    <subfield code="d">1866-1946</subfield>
    <subfield code="e">autor</subfield>
  </datafield>
  <datafield tag="700" ind1="1" ind2=" ">
    <subfield code="a">Bioy Casares, Adolfo, </subfield>
    <subfield code="d">1914-1999,</subfield>
    <subfield code="e">autor</subfield>
  </datafield>
  <datafield tag="700" ind1="1" ind2=" ">
    <subfield code="a">Leonardo da Vinci, </subfield>
    <subfield code="d">1452-1519, </subfield>
    <subfield code="e">autor</subfield>
  </datafield>
  <datafield tag="700" ind1="1" ind2=" ">
    <subfield code="a">Godard, Jean Luc,</subfield>
    <subfield code="e">autor</subfield>
  </datafield>
  <datafield tag="700" ind1="1" ind2=" ">
    <subfield code="a">Clarke, Arthur C., </subfield>
    <subfield code="e">1917-2008</subfield>
  </datafield>
  <datafield tag="942" ind1=" " ind2=" ">
    <subfield code="2">udc</subfield>
    <subfield code="c">OG</subfield>
    <subfield code="n">0</subfield>
  </datafield>
  <datafield tag="999" ind1=" " ind2=" ">
    <subfield code="c">453</subfield>
    <subfield code="d">453</subfield>
  </datafield>
  <datafield tag="952" ind1=" " ind2=" ">
    <subfield code="0">0</subfield>
    <subfield code="1">0</subfield>
    <subfield code="2">udc</subfield>
    <subfield code="4">0</subfield>
    <subfield code="7">0</subfield>
    <subfield code="8">CG</subfield>
    <subfield code="a">ESOCIALES</subfield>
    <subfield code="b">ESOCIALES</subfield>
    <subfield code="d">2025-02-24</subfield>
    <subfield code="l">0</subfield>
    <subfield code="o">82-34 ES74</subfield>
    <subfield code="p">001282</subfield>
    <subfield code="r">2025-02-24 00:00:00</subfield>
    <subfield code="w">2025-02-24</subfield>
    <subfield code="y">OG</subfield>
  </datafield>
</record>
